000 01630cam a2200373 i 4500
001 50081
003 Mx-PuUPA
005 20250825115500.0
008 140415s2015 mx ad gr 000 0 spa d
020 _a9786070270031
_qrústica
020 _a9786070269875
_qcolección rústica
040 _aMx-PuUPA
_bspa
_cMx-PuUPA
_dMx-PuUPA
_erda
041 0 _aspa
043 _an-mx---
245 0 3 _aLa dimensión ambiental en los albores del siglo XXI :
_bmiradas desde la diversidad. Encuesta nacional de medio ambiente /
_ccoordinadora, Mireya Atzala Ímaz Gispert ; Marjory González vivanco, José Luis Gutiérrez Padilla, Paula Vargas Pellicer [y otros cinco]
250 _aPrimera edición /
_bagosto
264 1 _aMéxico, D.F. :
_bUniversidad Nacional Autónoma de México : Instituto de Investigaciones Jurídicas,
_c2015
300 _a202 páginas :
_bilustraciones, gráficas ;
_c23 cm
336 _2rdacontent
_atexto
_btxt
337 _2rdamedia
_asin medio
_bn
338 _2rdacarrier
_avolumen
_bnc
490 0 _aLos mexicanos vistos por sí mismos. Los grandes temas nacionales ;
_v16
651 4 _aMéxico
_xCondiciones ambientales
_xOpinión pública
651 4 _aMéxico
_xEcología
700 1 _917323
_aÍmaz Gispert, Mireya A.,
_ecoordinador
700 1 _aGonzález vivanco, Marjory,
_eautor
700 1 _aGutiérrez Padilla, José Luis,
_eautor
700 1 _aVargas Pellicer, Paula,
_eautor
942 _2ddc
_cLI
_h333.72072
_iD58
999 _c50081
_d50081